000
00316nam a22001337a 4500
008
210304b ||||| |||| 00| 0 eng d
020
_a
9780471457282
041
_a
eng
080
_2
6th
_a
53
100
_a
43
101
_a
FIZ
245
_a
Fundamentals of Heat and Mass Transfer
_c
Incroperia,P.F
942
_2
udc
_c
BK
999
_c
55748
_d
55748